Fast Typing Pangrams - Statistics

General Stats
  • This quiz has been taken 16 times
  • The average score is 5 of 10
Answer Stats
Type These Sentences/Pangrams Pangrams/Sentences % Correct
The five boxing wizards jump quickly The five boxing wizards jump quickly
100%
The quick brown fox jumps over the lazy dog The quick brown fox jumps over the lazy dog
100%
Fifty six big red jet planes zoomed quickly by the tower Fifty six big red jet planes zoomed quickly by the tower
75%
Pack my box with five dozen liquor jars Pack my box with five dozen liquor jars
75%
Jem quickly realized that the beautiful gowns are expensive Jem quickly realized that the beautiful gowns are expensive
50%
Sphinx of black quartz judge my vow Sphinx of black quartz judge my vow
50%
Back in June we delivered oxygen equipment of the same size Back in June we delivered oxygen equipment of the same size.
42%
Grumpy wizards make a toxic brew for the jovial queen Grumpy wizards make a toxic brew for the jovial queen
17%
The quick onyx goblin jumped right over the really stupid dwarf The quick onyx goblin jumped right over the really stupid dwarf
8%
A quivering Texas zombie fought republic linked jewelry A quivering Texas zombie fought republic linked jewelry
0%
No matching quizzes found
Score Distribution
Percent of People with Each Score
Percentile by Number Answered
Your Score History
You have not taken this quiz